[Event "XVI Gran Hotel Bali 2017"]
[Site "Benidorm"]
[Date "2017.12.03"]
[Round "3"]
[White "Saenz Narciso, Miguel Angel"]
[Black "Fernandez Barrera, Victor"]
[Result "0-1"]
[WhiteElo "2228"]
[BlackElo "2300"]
[Annotator "TA"]
[PlyCount "120"]
[EventDate "2017.??.??"]
[EventType "swiss"]
[EventCountry "ESP"]
[SourceTitle "playchess.com"]
[Source "ChessBase"]
[SourceQuality "1"]

{[%evp 23,120,13,23,-21,10,-14,-5,-27,-14,-18,-20,-31,-20,-22,-22,-87,-86,-81,-72,-81,-90,-93,-102,-106,-81,-81,-66,-81,-69,-93,-55,-62,-56,-86,-68,-132,-133,-142,-142,-129,-123,-123,-145,-140,-93,-96,-93,-103,-75,-85,-41,-40,-33,-68,-33,-32,-33,-34,-33,-41,-35,-55,-8,-60,-23,-23,-24,-149,-147,-279,0,0,0,-123,-132,-128,-117,-120,-29,-277,-277,-277,-277,-277,-277,-277,-277,-277,-265,-508,-508,-507,-500,-500,-277,-499,-483,-439,-407]} 1. c4 e5 2. g3 Nf6 3. Bg2 d5 4. cxd5 Nxd5 5. Nc3 Nb6 6. Nf3 Nc6 7. O-O Be7 8. Rb1 a5 9. d3 Be6 {A29: English Opening: Four Knights Variation with 4 g3} (9... O-O 10. Be3 Be6 11. Bxb6 cxb6 12. a3 f5 13. e3 Bf6 14. Rc1 Kh8 15. Re1 Bf7 16. Nb5 Bh5 17. Qc2 {0-1 (39) So,W (2812)-Karjakin,S (2781) Paris 2017}) 10. Be3 Nd5 11. Nxd5 Bxd5 12. Qa4 O-O {LiveBook: 15 Games} 13. Nd2 $146 ({Predecessor:} 13. a3 Bd6 14. Rfc1 Ne7 {½-½ (14) Delchev,A (2591)-Georgiev,K (2627) Skopje 2015}) 13... Nb4 14. Bxd5 Nxd5 15. Qe4 f6 16. Rbc1 c6 17. Nb3 Nxe3 18. Qxe3 Qd5 19. Rc4 (19. Qb6 $11 {keeps the balance.}) 19... a4 $17 20. Nc1 Rfd8 21. Qe4 Qxe4 22. Rxe4 b5 23. f4 Bd6 24. f5 Bc5+ 25. e3 Rd5 26. Kf2 Bb6 27. Ke2 Rad8 28. Kd2 c5 {[%cal Bc6c5,Bc5c4][%mdl 32] And now ...c4 would win.} 29. Kc2 {[#]} ({White should play} 29. Ke2 $15) 29... c4 $1 {[%cal Rc4d3][%mdl 512]} 30. Rd1 (30. dxc4 Rd2+) 30... Kf7 31. b3 cxb3+ 32. axb3 Rc8+ 33. Kb1 axb3 34. Nxb3 Rc3 35. Nc1 h6 36. g4 Rdc5 37. Rb4 Rc7 38. Na2 Rc2 39. d4 exd4 40. Rxb5 Ba7 $36 {[%mdl 2048] Black fights for an advantage.} 41. exd4 Rxh2 42. d5 $1 Be3 43. Rb4 (43. Nb4 $11) 43... Rf2 44. d6 Rd7 45. Re4 (45. Rc4 $11 {remains equal.} Rd2 46. Rxd2 Bxd2 47. Rc7) 45... Bf4 46. Red4 (46. Rd5 $17) 46... Rb7+ $2 (46... Be5 $19 47. Ra4 Rb7+ 48. Nb4 Rb5) 47. Rb4 $11 Rd7 48. Rb6 (48. Rbd4 $1 $11 {was the only way to keep the balance.}) 48... Be5 $17 {Threatens to win with ...Ra7.} 49. Nb4 Rb2+ 50. Kc1 Rb3 (50... Rg2 $17 51. Rd5 Rxg4) 51. Rd5 $2 {[#]} (51. Kc2 $11 Rc3+ 52. Kb1) 51... Bxd6 $1 $19 {[%mdl 512]} 52. Kc2 (52. Rbxd6 Rxd6) 52... Rxb4 53. Rxb4 {[%mdl 4096] Endgame Hoping for Rbd4. KRR-KRB} Rc7+ 54. Kb3 Bxb4 55. Kxb4 {KR-KR} Rc1 56. Rd7+ $2 {[#]} (56. Kb3) 56... Kg8 $1 57. Rd4 Kh7 58. Kb3 Rf1 59. Kc3 $2 {[#]} (59. Rd2) 59... h5 $1 {[%cal Bh6h5,Bh5g4][%mdl 544]} 60. Kd2 (60. gxh5 Rxf5) 60... hxg4 {Precision: White = 41%, Black = 51%.} 0-1

[Event "XVI Gran Hotel Bali 2017"]
[Site "Benidorm"]
[Date "2017.12.03"]
[Round "3"]
[White "Levay, Sorin"]
[Black "Olhovik, Andrei"]
[Result "1/2-1/2"]
[WhiteElo "2196"]
[BlackElo "2299"]
[Annotator "TA"]
[PlyCount "97"]
[EventDate "2017.??.??"]
[EventType "swiss"]
[EventCountry "ESP"]
[SourceTitle "playchess.com"]
[Source "ChessBase"]
[SourceQuality "1"]

{[%evp 29,97,14,9,-23,-20,-23,-20,-20,-21,-22,-22,-26,-31,-23,-23,-23,-25,-27,-28,-37,-21,-21,-22,-22,-21,-21,-21,-24,-24,-32,-24,-33,-33,-37,-39,-51,-51,-51,-51,-51,-51,-51,-51,-51,-51,-57,-24,-31,-31,-31,-31,-31,-31,-31,-31,-32,-32,-32,-32,-32,-32,-32,-31,-32,-31,-32,-32,-32,-32,-32]} 1. e4 c5 2. Nf3 Nc6 3. Bb5 g6 4. O-O Bg7 5. Re1 Nf6 6. e5 Nd5 7. Nc3 {[%cal Bb1c3,Bc3e4,Be4f6][%mdl 32]} Nc7 8. Bxc6 dxc6 9. Ne4 b6 10. Nf6+ Kf8 11. Ne4 Bg4 12. d3 Bxe5 {B31: Sicilian: 2...Nc6 3 Bb5 g6} 13. Nxe5 Bxd1 14. Bh6+ Kg8 15. Nxc6 Bxc2 {[#] LiveBook: 6 Games. aiming for ...Qd7.} 16. Nxd8 (16. Nc3 {seems wilder.} e6 17. Nxd8 Rxd8 18. Bg5 Kg7 19. Bxd8 Rxd8 20. Re2) (16. Nxc5 bxc5 17. Nxd8 Rxd8 18. Rxe7 Ne6 19. Re1 Ba4 20. Rxa7 {1-0 (58) Mamedov,R (2678)-Dubov,D (2677) Heraklio 2017}) 16... Rxd8 17. b4 Nd5 $1 {[%cal Rd5b4]} ({Not} 17... Rxd3 18. Rac1 $18) 18. bxc5 f6 $1 19. cxb6 axb6 20. Rac1 $146 ({Predecessor:} 20. Nc3) 20... Bxd3 21. Nc3 $1 {[%cal Rc3d5]} Kf7 {Threatening ...Nb4.} 22. Nxd5 Rxd5 23. Rc7 Re8 24. Be3 Ra5 25. Bxb6 Rxa2 26. Bc5 {[%cal Re1e7]} Re2 27. Rxe2 Bxe2 $11 {[%mdl 4096] Endgame KRB-KRB} 28. f4 h5 29. Kf2 Bb5 30. h4 Ke6 31. g3 Bd7 32. Ba7 Ra8 33. Bc5 Ra2+ 34. Ke3 Rc2 35. Bb6 Rg2 36. Kf3 $1 {[%cal Rf3g2]} Rb2 37. Bc5 Ba4 38. Rxe7+ Kf5 {Black is slightly better.} 39. Rf7 Bc6+ 40. Ke3 Rb3+ 41. Kd4 Be4 42. Kc4 Rxg3 {Hoping for ...Rg4.} 43. Bd4 Kxf4 {[#] Strongly threatening ...f5.} 44. Bxf6 Bf5 {And now ...Be6+ would win.} 45. Re7 Kg4 46. Re1 Kh3 47. Kd4 Rg4+ 48. Ke5 Ra4 49. Bg5 {Precision: White = 84%, Black = 88%.} 1/2-1/2

[Event "XVI Gran Hotel Bali 2017"]
[Site "Benidorm"]
[Date "2017.12.03"]
[Round "3"]
[White "Nieves Cabanes, Javier"]
[Black "Ayats Llobera, Gerard"]
[Result "0-1"]
[WhiteElo "2184"]
[BlackElo "2285"]
[Annotator "TA"]
[PlyCount "52"]
[EventDate "2017.??.??"]
[EventType "swiss"]
[EventCountry "ESP"]
[SourceTitle "playchess.com"]
[Source "ChessBase"]
[SourceQuality "1"]

{[%evp 19,52,0,15,-36,-21,-51,-58,-53,-67,-119,-106,-111,-70,-66,-59,-311,-297,-642,-604,-677,-677,-662,-644,-662,-658,-644,-625,-1104,-1056,-1415,-1310,-1981,-1941,-1755,-1694]} 1. d4 Nf6 2. Nf3 c5 3. e3 g6 4. c3 b6 5. Nbd2 Bb7 6. Bd3 d5 7. Ne5 Nbd7 8. f4 Bg7 9. Qf3 e6 10. O-O O-O 11. Rf2 {D05: Damenbauernspiele (Colle-Aufbau)} (11. b4 $11) 11... Qe7 (11... Ne8 {keeps more tension.} 12. b3 Nd6 13. Qh3 Rc8 14. Bb2 Nf6) 12. g4 Nxe5 $146 ({Vorgänger:} 12... Rad8 13. h3 Ne8 14. Bb5 Nb8 15. Qg3 Nd6 16. Be2 Nd7 17. Rh2 {0-1 (52) Yap,C (2054)-Yeo,M (2202) Ho Chi Minh City 2003}) 13. dxe5 {Schwarz steht etwas besser.} Nd7 14. Qg3 ({Lieber} 14. Qe2 $15) 14... f6 $17 15. exf6 Rxf6 16. e4 e5 {[#] Droht ...exf4 und aus.} 17. g5 $2 {[%mdl 8192]} (17. f5 $15 gxf5 18. gxf5) 17... Rxf4 $19 18. Rxf4 $2 (18. Nf1 c4 19. Be2) 18... exf4 {Schwarz steht klar auf Gewinn.} 19. Qxf4 Rf8 20. Qe3 d4 21. Qg3 dxc3 22. bxc3 Be5 23. Qg2 Bxc3 24. Rb1 Ne5 25. Be2 Bd4+ 26. Kh1 Rf2 {Precision: Weiß = 20%, Schwarz = 80%.} 0-1

[Event "XVI Gran Hotel Bali 2017"]
[Site "Benidorm"]
[Date "2017.12.03"]
[Round "3"]
[White "Yuksel, Atilla Koksal"]
[Black "Moreno Ibanez, Miguel"]
[Result "1-0"]
[WhiteElo "2184"]
[BlackElo "2272"]
[Annotator "TA"]
[PlyCount "107"]
[EventDate "2017.??.??"]
[EventType "swiss"]
[EventCountry "ESP"]
[SourceTitle "playchess.com"]
[Source "ChessBase"]
[SourceQuality "1"]

{[%evp 23,107,0,8,-3,3,-35,-35,-31,-16,-98,-77,-89,-41,-69,0,25,54,47,61,0,107,-117,-132,-208,-78,-77,-80,-80,-78,-92,-89,-109,-40,-26,-4,-33,44,0,0,0,0,-14,-8,-97,-34,-33,8,4,3,8,8,0,0,0,12,2,12,8,30,28,66,24,94,89,98,69,178,125,128,80,123,24,217,187,187,187,149,67,67,67,67,67,67,67,29987,29988]} 1. e4 c5 2. Nc3 Nc6 3. f4 g6 4. Nf3 Bg7 5. Bc4 e6 6. d3 Nge7 7. O-O d5 8. Bb3 O-O 9. Qe1 Nd4 10. Nxd4 cxd4 11. Ne2 dxe4 12. dxe4 b6 {LiveBook: 5 Games} 13. Bc4 {B23: Closed Sicilian: Lines without g3} Bb7 14. Ng3 Rc8 15. Qe2 {Black is slightly better.} Qc7 $146 ({Predecessor:} 15... Nc6 16. Bd2 d3 17. Bxd3 Bxb2 18. Rab1 Bg7 19. Be3 Qe7 20. e5 Nb4 {½-½ (65) Boronyak,A (2262)-Boros,D (2395) Hungary 2002}) 16. Bb3 (16. Bd3 $11 {keeps the balance.}) 16... Qc5 17. Kh1 h5 {[%cal Bh7h5,Bh5h4,Bh4h3][%mdl 32] [#] ...h4 is the strong threat.} 18. f5 $1 {[%cal Rf5f6][%mdl 512]} exf5 (18... gxf5 $6 19. exf5 Nxf5 20. Nxf5 $14) (18... h4 $1 $15 19. fxg6 Nxg6) 19. exf5 $11 h4 20. f6 h3 21. Ne4 (21. Kg1 $14 d3+ 22. Qe3 hxg2 23. Rf2 Qxe3 24. Bxe3 Bxf6 25. Rxf6) 21... Qe5 (21... hxg2+ $11 {remains equal.} 22. Qxg2 Qe5) 22. Rf4 $2 ({Inferior is} 22. fxg7 hxg2+ 23. Qxg2 Kxg7 $17) ({Don't blunder} 22. fxe7 $2 hxg2+ 23. Qxg2 Bxe4 $19) (22. Kg1 $1 $16) 22... Nf5 $1 $36 {[%mdl 2048] Keeping White busy.} 23. Qg4 (23. fxg7 $17 {was called for.} Rfe8 24. Kg1) 23... Bxe4 (23... Rce8 $1 $19 {[%cal Rb7e4]} 24. Qxh3 (24. fxg7 $2 hxg2+ 25. Kxg2 Kxg7 $17) 24... Bxe4 25. fxg7 Kxg7 26. Rxf5 Bxf5 27. Bh6+ Kh7) 24. Rxe4 hxg2+ 25. Qxg2 Qxf6 26. Bg5 Qc6 27. Rae1 Nd6 (27... a5 $17 {Threatens to win with ...a4.} 28. a4 b5) 28. Re7 $15 Qxg2+ 29. Kxg2 Rce8 ({Black should try} 29... a5 $15) 30. Bxf7+ Nxf7 31. Rxe8 Nxg5 32. R1e7 a5 33. a3 {[#]} (33. Rxf8+ $11 Kxf8 34. Rb7) 33... Nf7 ({Better is} 33... d3 $1 $17 {[%cal Rd3c2]} 34. cxd3 Bxb2 35. Rxf8+ Kxf8) 34. Rxf8+ Kxf8 35. Re6 {[#]} d3 $1 36. cxd3 Bxb2 37. a4 Bd4 38. Rxg6 Ne5 39. Rd6 Bc5 40. Rd5 Ng6 {Hoping for ...Nf4+.} 41. Kf3 Kf7 42. Ke4 {[%mdl 1024] White has compensation.} Ke6 (42... Ne7 $11 43. Rg5 Ng8) 43. Rh5 Bd6 44. d4 {[%cal Bd3d4,Bd4d5][%mdl 32]} Ne7 (44... Be7 $14) 45. h4 (45. Rh6+ $18 Kd7 46. h4) 45... Ng8 $16 {And now ...Nf6+ would win.} 46. d5+ Kf6 47. Rh7 (47. Rf5+ $16 Kg7 48. h5) 47... Bc5 $2 {[#]} (47... Kg6 $11 48. Rb7 Nf6+ 49. Kd4 Bg3) 48. h5 $1 $18 {[%cal Bh4h5,Bh5h6][%mdl 32]} Bd6 49. Rd7 Bc5 50. Rb7 (50. Rc7 $16) 50... Nh6 $1 $14 51. Rc7 Nf7 $1 52. Rc6+ Kg5 53. h6 $1 {[%cal Rh6h7]} Nd6+ $2 {[%mdl 8192] [#]} (53... Nxh6 $14 54. d6 Nf7) 54. Rxd6 $1 {[%mdl 512] Precision: White = 37%, Black = 34%.} 1-0

[Event "XVI Gran Hotel Bali 2017"]
[Site "Benidorm"]
[Date "2017.12.03"]
[Round "3"]
[White "Villar Reymundo, Juan Antonio"]
[Black "Exposito Amaro, Josue"]
[Result "0-1"]
[WhiteElo "2164"]
[BlackElo "2263"]
[Annotator "TA"]
[PlyCount "64"]
[EventDate "2017.??.??"]
[EventType "swiss"]
[EventCountry "ESP"]
[SourceTitle "playchess.com"]
[Source "ChessBase"]
[SourceQuality "1"]

{[%evp 16,64,24,24,24,24,24,16,22,9,15,5,14,-14,-17,-65,-48,-62,-57,-85,-89,-77,-76,-133,-129,-152,-122,-132,-94,-118,-58,-152,-121,-128,-110,-300,-212,-235,-227,-744,-680,-839,-822,-842,-833,-762,-800,-741,-188,-29992,-29993]} 1. d4 d5 {[%cal Bd7d5,Bd5c4][%mdl 32]} 2. c4 Nc6 3. Nc3 dxc4 4. Nf3 Nf6 5. Bg5 Nd5 6. e4 {D07: Queen's Gambit: Chigorin Defence} Nxc3 7. bxc3 Na5 8. Bxc4 Nxc4 9. Qa4+ {LiveBook: 4 Games} Qd7 10. Qxc4 f6 11. Be3 $146 ({Predecessor:} 11. Bd2 Qg4 12. O-O Qxe4 13. Rfe1 {½-½ (32) Reinhart,K (2439)-Klauner,T (2491) ICCF email 2009}) 11... b6 12. O-O e6 13. Rfe1 Bb7 14. Bf4 g5 {[%cal Bg7g5,Bg5g4][%mdl 32]} 15. Bc1 O-O-O 16. a4 a5 17. Qb3 h5 {[%cal Bh7h5,Bh5h4][%mdl 32]} 18. Bb2 h4 19. Re2 ({White should play} 19. h3) 19... g4 $36 {[%mdl 2048] Keeping White busy.} 20. Nd2 Ba6 21. c4 Bb4 22. Rc1 Rh6 (22... h3 $17 23. g3 Rhf8) 23. Nb1 (23. Nf1 $15) 23... f5 24. Na3 f4 25. Rec2 $2 (25. Nb5 $17 {keeps fighting.}) 25... h3 26. g3 {[#]} fxg3 $1 27. fxg3 $2 (27. Qxg3 e5 28. c5 bxc5 29. d5) 27... Rf6 $19 28. Re2 Rdf8 {Hoping for ...Qf7.} 29. Nc2 Qf7 {( -> ...Rf1+)} 30. Ne3 Rf3 31. Qd3 Rf2 $2 (31... Be7 32. Ba3 {[#]} Bxc4 $1 {[%mdl 512]} 33. Qxc4 Bxa3 34. Qa6+ Kb8) 32. Rce1 $2 (32. Qc2 $19 Rf3 33. Rd1) 32... Qf3 {Precision: White = 24%, Black = 79%.} 0-1

[Event "XVI Gran Hotel Bali 2017"]
[Site "Benidorm"]
[Date "2017.12.03"]
[Round "3"]
[White "Schaffert, Walter"]
[Black "Serra Pages, Jordi"]
[Result "1/2-1/2"]
[WhiteElo "2090"]
[BlackElo "2238"]
[Annotator "TA"]
[PlyCount "37"]
[EventDate "2017.??.??"]
[EventType "swiss"]
[EventCountry "ESP"]
[SourceTitle "playchess.com"]
[Source "ChessBase"]
[SourceQuality "1"]

{[%evp 21,37,38,50,41,43,45,44,24,37,34,52,57,53,57,54,55,55,29]} 1. e4 e5 2. Nf3 Nc6 3. Bc4 Nf6 4. d3 Bc5 5. c3 d6 6. O-O a6 7. a4 {C54: Giuoco Piano: 4 c3 Nf6, main lines with 5 d4 and 5 d3} Ba7 8. Na3 (8. Re1 O-O 9. h3 h6 10. Nbd2 Re8 11. b4 Ne7 12. Qb3 Rf8 13. d4 exd4 14. cxd4 d5 15. exd5 Nexd5 {0-1 (44) Vachier Lagrave,M (2796)-Jakovenko,D (2721) Palma de Mallorca 2017}) 8... h6 9. Nc2 O-O 10. Be3 d5 11. exd5 Nxd5 {LiveBook: 3 Games} 12. Bxa7 Rxa7 13. Re1 Nf4 14. d4 $146 ({Don't go for} 14. Nxe5 $2 Qg5 $19) 14... exd4 15. Ncxd4 {White is slightly better.} Nxd4 16. Qxd4 Qxd4 17. Nxd4 c5 18. Nf3 Be6 19. Bxe6 1/2-1/2

[Event "XVI Gran Hotel Bali 2017"]
[Site "Benidorm"]
[Date "2017.12.04"]
[Round "4"]
[White "Olhovik, Andrei"]
[Black "Jimenez Martinez, Jose Vicente"]
[Result "1-0"]
[WhiteElo "2299"]
[BlackElo "2223"]
[Annotator "NA"]
[PlyCount "131"]
[EventDate "2017.??.??"]
[EventType "swiss"]
[EventCountry "ESP"]
[SourceTitle "playchess.com"]
[Source "ChessBase"]
[SourceQuality "1"]
[TimeControl "5400+30"]

1. d4 {[%emt 0:04:28]} g6 {[%emt 0:00:19]} 2. c4 {[%emt 0:00:09]} Bg7 {[%emt 0:00:05]} 3. e4 {[%emt 0:00:06]} d6 {[%emt 0:00:05]} 4. Nc3 {[%emt 0:00:06]} Nf6 {[%emt 0:00:07]} 5. Be2 {[%emt 0:00:06]} O-O {[%emt 0:03:02]} 6. Bg5 {[%emt 0:00:09]} Nbd7 {[%emt 0:05:43]} 7. Qd2 {[%emt 0:01:11]} c5 {[%emt 0:00:27]} 8. Nf3 {[%emt 0:00:12] E73: King's Indian: Averbakh Variation without 6...c5} (8. d5 b5 9. cxb5 a6 10. bxa6 Qa5 11. Nf3 Bxa6 12. Bxa6 Qxa6 13. Qe2 Qxe2+ 14. Kxe2 Rfb8 15. Rab1 Nb6 16. Nd2 h6 17. Bxf6 Bxf6 {1-0 (30) Akobian,V (2612)-Petrosian,T (2593) Chicago 2016}) 8... Qa5 {[%emt 0:03:06]} 9. d5 {[%emt 0:01:29]} Re8 {[%emt 0:03:37]} 10. O-O {[%emt 0:01:04]} a6 {[%emt 0:03:00]} 11. Rfe1 {[%emt 0:03:14]} Rb8 {[%emt 0:09:42]} 12. a4 {[%emt 0:00:28]} Nb6 {[%emt 0:04:42]} 13. Qc2 {[%emt 0:13:24]} Bg4 {[%emt 0:25:54]} 14. b3 $146 {[%emt 0:02:51]} ({Predecessor:} 14. Nd2 Bxe2 15. Nxe2 Nbd7 16. f4 Kh8 17. h3 Qc7 18. Nf3 b5 {½-½ (18) Guzel,A-Wong,R Kuala Lumpur 2002}) 14... Nbd7 {[%emt 0:07:26]} 15. h3 {[%emt 0:05:19]} Bxf3 {[%emt 0:00:09]} 16. Bxf3 {[%emt 0:00:02]} e6 {[%emt 0:08:24]} 17. Bd2 {[%emt 0:04:03]} Qc7 {[%emt 0:03:09]} 18. a5 {[%emt 0:00:09]} exd5 {[%emt 0:00:44]} 19. exd5 {[%emt 0:00:06]} Rxe1+ {[%emt 0:00:46]} 20. Bxe1 {[%emt 0:00:13]} b6 {[%emt 0:00:48]} 21. axb6 {[%emt 0:01:04]} Qxb6 {[%emt 0:00:09]} 22. Ra3 {[%emt 0:09:04]} Ne8 {[%emt 0:03:59]} 23. Bd1 {[%emt 0:02:10]} Qb7 {[%emt 0:03:36]} 24. Qa2 {[%emt 0:02:57]} Nc7 {[%emt 0:01:25]} 25. Bd2 {[%emt 0:00:54]} Re8 {[%emt 0:00:32]} 26. Qc2 {[%emt 0:00:35]} Nf6 {[%emt 0:04:25]} 27. Qd3 {[%emt 0:00:28]} h6 {[%emt 0:04:05]} 28. Qg3 {[%emt 0:02:26]} Bf8 {[%emt 0:00:33]} 29. Bc2 {[%emt 0:00:14]} Kh7 {[%emt 0:01:58]} 30. Qf4 {[%emt 0:01:01]} Kg7 {[%emt 0:02:26]} 31. Qxh6+ {[%emt 0:01:24]} Kg8 {[%emt 0:00:01]} 32. Qf4 {[%emt 0:00:35]} Nh5 {[%emt 0:01:08]} 33. Qf3 {[%emt 0:01:05]} Be7 {[%emt 0:00:47]} 34. Ne4 {[%emt 0:01:08]} f5 {[%emt 0:00:01]} 35. Nc3 {[%emt 0:04:02]} Ng7 {[%emt 0:00:42]} 36. Ra1 {[%emt 0:00:24]} Bf6 {[%emt 0:00:03]} 37. Rd1 {[%emt 0:11:44]} Be5 {[%emt 0:01:08]} 38. Ne2 {[%emt 0:01:09]} Nh5 {[%emt 0:00:31]} 39. g4 {[%emt 0:01:37]} Ng7 {[%emt 0:00:43]} 40. Nf4 {[%emt 0:01:58]} Nce6 {[%emt 0:00:23]} 41. Nxg6 $16 {[%emt 0:02:56]} Nd4 {[%emt 0:00:20]} 42. Qd3 {[%emt 0:00:09]} Nxc2 {[%emt 0:00:34]} 43. Qxc2 {[%emt 0:02:31]} Bd4 {[%emt 0:00:19]} 44. Bc3 {[%emt 0:01:06]} Bxc3 {[%emt 0:00:47]} 45. Qxc3 {[%emt 0:00:21]} Qf7 {[%emt 0:00:33]} 46. Nh4 {[%emt 0:00:25]} fxg4 {[%emt 0:00:07]} 47. hxg4 {[%emt 0:00:16]} Re4 {[%emt 0:00:18]} 48. Qg3 {[%emt 0:08:11]} Qf6 {[%emt 0:00:01]} 49. Ng2 {[%emt 0:00:33]} a5 {[%emt 0:01:10]} 50. Re1 {[%emt 0:00:30]} Rd4 {[%emt 0:00:25]} 51. Ne3 {[%emt 0:05:55]} Rd3 {[%emt 0:00:24]} 52. Rb1 {[%emt 0:00:45]} Qg6 {[%emt 0:00:11]} 53. Ra1 {[%emt 0:01:06]} Rxb3 {[%emt 0:00:05]} 54. Rxa5 {[%emt 0:00:15]} Rb1+ {[%emt 0:01:47]} 55. Nf1 {[%emt 0:00:06]} Qe4 {[%emt 0:00:17]} 56. Ra8+ {[%emt 0:00:45]} Kf7 {[%emt 0:00:08]} 57. Ra7+ {[%emt 0:00:56]} Kg8 {[%emt 0:00:01]} 58. Qxd6 {[%emt 0:02:55]} Qxc4 {[%emt 0:01:38]} 59. Rxg7+ {[%emt 0:00:53]} Kxg7 {[%emt 0:00:05]} 60. Qe5+ {[%emt 0:00:19]} Kf7 {[%emt 0:00:55]} 61. Qf5+ {[%emt 0:00:08]} Ke7 {[%emt 0:00:01]} 62. Qxb1 {[%emt 0:00:06]} Qxg4+ {[%emt 0:00:17]} 63. Ng3 {[%emt 0:00:07]} Kd6 {[%emt 0:00:10]} 64. Qf5 {[%emt 0:01:06]} Qd1+ {[%emt 0:00:54]} 65. Kg2 {[%emt 0:00:12]} c4 {[%emt 0:01:09]} 66. Ne4+ {[%emt 0:01:00] Kxd5} 1-0

[Event "XVI Gran Hotel Bali 2017"]
[Site "Benidorm"]
[Date "2017.12.04"]
[Round "4"]
[White "Iglesias, Jorge"]
[Black "Alvarez Serrano, Carlos"]
[Result "1-0"]
[WhiteElo "2291"]
[BlackElo "2190"]
[Annotator "NA"]
[PlyCount "121"]
[EventDate "2017.??.??"]
[EventType "swiss"]
[EventCountry "ESP"]
[SourceTitle "playchess.com"]
[Source "ChessBase"]
[SourceQuality "1"]
[TimeControl "5400+30"]

1. c4 {[%emt 0:02:43]} c5 {[%emt 0:08:32]} 2. Nf3 {[%emt 0:00:26]} Nc6 {[%emt 0:01:27]} 3. Nc3 {[%emt 0:01:12]} g6 {[%emt 0:00:39]} 4. g3 {[%emt 0:02:29]} Bg7 {[%emt 0:00:52]} 5. Bg2 {[%emt 0:00:11]} d6 {[%emt 0:00:10]} 6. O-O {[%emt 0:01:34]} e6 {[%emt 0:00:37]} 7. a3 {[%emt 0:00:48]} Nge7 {[%emt 0:01:01]} 8. Rb1 {[%emt 0:00:59]} O-O {[%emt 0:01:47]} 9. b4 {[%emt 0:10:31]} Rb8 {[%emt 0:05:45]} 10. e3 {[%emt 0:13:45]} Nf5 {[%emt 0:06:23]} 11. Ne2 {[%emt 0:06:05] A37: Symmetrical English vs ...g6: 4 Bg2 Bg7 5 Nf3} Ne5 $146 {[%emt 0:13:47]} ({Predecessor:} 11... cxb4 12. axb4 b5 13. cxb5 Rxb5 14. Ba3 a6 15. d4 Na7 16. Qd3 Bd7 17. Rfc1 Rb6 18. d5 Bb5 19. Qd2 Bxe2 20. Qxe2 exd5 21. Bh3 Ne7 22. Nd4 Qb8 23. Qd3 Qb7 24. Bb2 Rb8 {½-½ (24) Kveinys,A (2555)-Urban,K (2490) Krynica 1997}) 12. Nxe5 {[%emt 0:05:06]} Bxe5 {[%emt 0:05:13]} 13. d4 {[%emt 0:04:07]} cxd4 {[%emt 0:00:30]} 14. Nxd4 {[%emt 0:02:57]} Nxd4 {[%emt 0:02:16]} 15. exd4 {[%emt 0:00:08]} Bg7 {[%emt 0:00:14]} 16. Be3 {[%emt 0:01:28]} b6 {[%emt 0:10:47]} 17. Qd2 {[%emt 0:05:17]} Qc7 {[%emt 0:04:01]} 18. Rbc1 {[%emt 0:01:00]} Bb7 {[%emt 0:00:38]} 19. d5 {[%emt 0:02:23]} Rfc8 {[%emt 0:03:38]} 20. Rfd1 {[%emt 0:02:12]} e5 {[%emt 0:05:38]} 21. c5 {[%emt 0:07:01]} bxc5 {[%emt 0:00:29]} 22. bxc5 {[%emt 0:00:07]} dxc5 {[%emt 0:00:29]} 23. Bxc5 {[%emt 0:00:10]} Qd7 {[%emt 0:02:34]} 24. Bxa7 {[%emt 0:01:37]} Ra8 {[%emt 0:00:26]} 25. Bc5 {[%emt 0:00:49]} f5 {[%emt 0:01:31]} 26. Bb4 {[%emt 0:02:22]} e4 {[%emt 0:00:33]} 27. d6 {[%emt 0:00:49]} Be5 {[%emt 0:00:40]} 28. Rxc8+ {[%emt 0:02:39]} Rxc8 {[%emt 0:02:42]} 29. Rc1 {[%emt 0:00:37]} Rxc1+ {[%emt 0:03:42]} 30. Qxc1 {[%emt 0:00:08]} Qc6 {[%emt 0:00:45]} 31. Qg5 {[%emt 0:05:55]} Qd7 {[%emt 0:05:24]} 32. Bf1 {[%emt 0:01:00]} ({Inferior is} 32. Qe7 Qxe7 33. dxe7 Kf7 $11) 32... Bd5 $18 {[%emt 0:01:23]} (32... Bc6 33. Bc4+ Kg7) 33. Qd2 {[%emt 0:00:22]} Be6 {[%emt 0:00:43]} 34. Bc5 {[%emt 0:02:26]} Qc6 {[%emt 0:00:36]} 35. Qb4 {[%emt 0:00:59]} g5 {[%emt 0:05:13]} 36. a4 {[%emt 0:04:33]} f4 {[%emt 0:01:06]} 37. a5 {[%emt 0:02:58]} e3 {[%emt 0:00:25]} 38. fxe3 {[%emt 0:00:11]} fxg3 {[%emt 0:00:30]} 39. hxg3 {[%emt 0:00:16]} Qf3 {[%emt 0:00:37]} 40. Qd2 {[%emt 0:00:53]} Qxg3+ {[%emt 0:04:21]} 41. Qg2 {[%emt 0:00:34]} Bxd6 {[%emt 0:00:53]} 42. Bxd6 {[%emt 0:00:44]} Qxd6 {[%emt 0:00:13]} 43. Qxg5+ {[%emt 0:00:06]} Kf7 {[%emt 0:00:21]} 44. Qf4+ {[%emt 0:00:26]} Ke7 {[%emt 0:01:31]} 45. a6 {[%emt 0:00:41]} Qa3 {[%emt 0:00:24]} 46. Qd4 {[%emt 0:00:21]} Qa5 {[%emt 0:00:47]} 47. Qa7+ {[%emt 0:01:52]} Bd7 {[%emt 0:00:32]} 48. Qb8 {[%emt 0:01:54]} Qg5+ {[%emt 0:00:29]} 49. Kf2 {[%emt 0:00:08]} Qh4+ {[%emt 0:00:32]} 50. Qg3 {[%emt 0:00:11]} Qa4 {[%emt 0:01:03]} 51. Qe5+ {[%emt 0:00:09]} Be6 {[%emt 0:00:39]} 52. Qc5+ {[%emt 0:00:15]} Kf7 {[%emt 0:00:28]} 53. Qd4 {[%emt 0:01:15]} Qa2+ {[%emt 0:00:23]} 54. Kg3 {[%emt 0:00:21]} Bd5 {[%emt 0:00:23]} 55. e4 {[%emt 0:00:38]} Qa3+ {[%emt 0:00:17]} 56. Qd3 {[%emt 0:01:05]} Qd6+ {[%emt 0:00:05]} 57. Kf2 {[%emt 0:00:12]} Qh2+ {[%emt 0:00:31]} 58. Bg2 {[%emt 0:00:18]} Ba8 {[%emt 0:01:20]} 59. Qd7+ {[%emt 0:00:07]} Kg6 {[%emt 0:00:26]} 60. Qe8+ {[%emt 0:00:06]} Kg5 {[%emt 0:00:05]} 61. Qxa8 {[%emt 0:00:25]} 1-0